00446nam a2200145 a 4500008004100000110002600041245008100067260004900148300002900197650003500226650001200261003000100273005001700274040000900291  aCentral Census Office10aCensus 1992 :bprovincial profile, Manicaland /cCentral Statistical office. aHarare :bCentral statistical office,c1992. a147 p. :bill. ;c31 cm. aProvincial ProfilexManicaland 1aCensus.20230123134357.0 cNUST